Urban land economics (Record no. 78562)

MARC details
000 -LEADER
fixed length control field 00858nam a2200205 a 4500
008 - FIXED-LENGTH DATA ELEMENTS--GENERAL INFORMATION
fixed length control field 120416s1985 ||||||||||||||||| || u
020 ## - INTERNATIONAL STANDARD BOOK NUMBER
International Standard Book Number 0333397843
050 ## - LIBRARY OF CONGRESS CALL NUMBER
Classification number HD 596 Bal
100 ## - MAIN ENTRY--PERSONAL NAME
Personal name Balchin, Paul N
245 10 - TITLE STATEMENT
Title Urban land economics
250 ## - EDITION STATEMENT
Edition statement 3rd ed.
260 ## - PUBLICATION, DISTRIBUTION, ETC.
Place of publication, distribution, etc. London
Name of publisher, distributor, etc. Macmillan
Date of publication, distribution, etc. 1985
300 ## - PHYSICAL DESCRIPTION
Extent xvi, 302p. : ill.
350 ## -
-- 0.00
650 ## - SUBJECT ADDED ENTRY--TOPICAL TERM
Topical term or geographic name entry element LAND
650 ## - SUBJECT ADDED ENTRY--TOPICAL TERM
Topical term or geographic name entry element LAND ECONOMICS
995 ## -
-- BINDERY (DAMAGED)
-- 0.00
-- 711144
-- CBU-MAIN LIBRARY (Kitwe)
-- 1
-- 7.95
-- HD 596 Bal
-- 2
-- DAMAGED
-- 004744
-- Main Library Open Access Collection
995 ## -
-- BINDERY (DAMAGED)
-- 0.00
-- 709638
-- CBU-MAIN LIBRARY (Kitwe)
-- 3
-- 7.95
-- HD 596 Bal
-- 1
-- DAMAGED
-- 004743
-- Main Library Open Access Collection
995 ## -
-- BINDERY (DAMAGED)
-- 0.00
-- 708790
-- CBU-MAIN LIBRARY (Kitwe)
-- 2
-- 7.95
-- HD 596 Bal
-- 3
-- DAMAGED
-- 004742
-- Main Library Open Access Collection
999 ## -
-- 78562
-- 78562
Holdings
Withdrawn status Lost status Source of classification or shelving scheme Damaged status Not for loan Permanent Location Current Location Shelving location Date acquired Total Checkouts Full call number Barcode Date last seen Copy number Price effective from Koha item type
          CBU-MAIN LIBRARY, KITWE. CBU-MAIN LIBRARY, KITWE.   05/17/2023   HD 596 Bal 004744 05/17/2023 1 05/17/2023 MONOGRAPH
          CBU-MAIN LIBRARY, KITWE. CBU-MAIN LIBRARY, KITWE.   05/17/2023   HD 596 Bal 004743 05/17/2023 2 05/17/2023 MONOGRAPH
          CBU-MAIN LIBRARY, KITWE. CBU-MAIN LIBRARY, KITWE.   05/17/2023   HD 596 Bal 004742 05/17/2023 3 05/17/2023 MONOGRAPH